Tilastot visalle Espoon kaupunginosat kartalla

Klikkaa tästä pelataksesi tätä visaa!

Yleistilastot

  • Tätä visaa on pelattu 525 kertaa
  • Keskiarvotulos 20 / 56

Vastaukset kartalla

Vastauksille on annettu kartalla punavihreä väri sen mukaan, kuinka moni on saanut sen oikein.
 

Vastaustilastot

SuuralueKaupuginosa% Oikein
Suur-TapiolaTapiola
87%
Vanha-EspooEspoon keskus
85%
Suur-LeppävaaraLeppävaara
83%
Suur-MatinkyläMatinkylä
82%
Suur-TapiolaWestend
78%
Suur-TapiolaOtaniemi
76%
Suur-LeppävaaraKilo
68%
Suur-MatinkyläOlari
65%
Suur-EspoonlahtiEspoonlahti
64%
Vanha-EspooNuuksio
59%
Suur-TapiolaHaukilahti
58%
Suur-TapiolaMankkaa
58%
Suur-KauklahtiKauklahti
55%
Suur-EspoonlahtiSuvisaaristo
55%
Suur-TapiolaNiittykumpu
54%
Suur-EspoonlahtiSoukka
54%
Suur-EspoonlahtiSaunalahti
52%
Suur-TapiolaLaajalahti
48%
Suur-LeppävaaraLintuvaara
47%
Suur-TapiolaPohjois-Tapiola
46%
Suur-EspoonlahtiKaitaa
37%
Pohjois-EspooBodom
35%
Suur-LeppävaaraLaaksolahti
35%
Suur-LeppävaaraViherlaakso
35%
Suur-EspoonlahtiNöykkiö
34%
Pohjois-EspooKalajärvi
33%
Pohjois-EspooNiipperi
33%
Suur-LeppävaaraKarakallio
32%
Suur-MatinkyläHenttaa
30%
Vanha-EspooGumböle
29%
Vanha-EspooJärvenperä
29%
Vanha-EspooÄmmässuo
28%
Suur-EspoonlahtiLatokaski
23%
Suur-LeppävaaraLippajärvi
23%
Pohjois-EspooLuukki
23%
Pohjois-EspooLahnus
21%
Vanha-EspooNupuri
21%
Suur-KauklahtiVanttila
19%
Pohjois-EspooRöylä
17%
Pohjois-EspooVanhakartano
16%
Vanha-EspooVanha-Nuuksio
16%
Suur-KauklahtiEspoonkartano
15%
Suur-KauklahtiKurttila
15%
Vanha-EspooSiikajärvi
15%
Suur-LeppävaaraSepänkylä
14%
Vanha-EspooKaupunginkallio
13%
Vanha-EspooMuurala
13%
Vanha-EspooKarhusuo
12%
Pohjois-EspooLakisto
11%
Pohjois-EspooVelskola
10%
Vanha-EspooKuurinniitty
9%
Pohjois-EspooPerusmäki
7%
Vanha-EspooHögnäs
6%
Vanha-EspooKolmperä
6%
Vanha-EspooKunnarla
5%
Vanha-EspooKarvasmäki
4%

Tulosjakauma

Persentiili vastausten määrän mukaan

Jokaisen tuloksen saaneiden osuus

Tuloshistoriasi

Et ole pelannut tätä visaa